Statistics for U.S. States With the Most Spanish Speakers

Click here to take the quiz!

General Stats

  • This quiz has been taken 60 times
  • The average score is 8 of 10

Answer Stats

# of SpeakersState% Correct
7,690,703Texas
98%
10,578,516California
96%
2,758,925New York
94%
4,312,975Florida
93%
1,352,104Arizona
87%
1,621,065Illinois
72%
618,013Colorado
70%
781,531Georgia
67%
1,371,956New Jersey
59%
735,619North Carolina
52%

Score Distribution

Percentile by Number Answered

Percent of People with Each Score

Your Score History

You have not taken this quiz